000 01393cam a22003497a 4500
003 CHAP
005 20220329141534.0
008 971013s1987 mx a r 00010 spa d
010 _a69829
011 _a70801
035 _a80354
040 _cCHAP
082 0 4 _a574
_bK37Y 1984
100 0 0 _aKarp, Gerald.
_962752
245 1 0 _aBiología celular
260 _aMéxico :
_bMcGraw-Hill,
_c1987
300 _a950 p.
_b: ilus. ; gráfs.
590 _aBATCH-UPD
_b10
_c20130110
_lUCH01
_h0434
590 _aBATCH-UPD
_b10
_c20130410
_lUCH01
_h0109
590 _aBATCH-UPD
_b10
_c20130914
_lUCH01
_h0634
590 _aCONVERSION
_b10
_c20130109
_lUCH01
_h1338
650 1 4 _aBiología.
_912773
650 1 4 _aCitología.
_923489
901 _aBK
942 _cLIBRO
949 _a574 K37y 1984
_bBC
_cLIBRO
_d33724000458303
_eLIBRO
_fc.3
_h74471
_i80354
_so
_t71.00
949 _a574 K37y 1984
_bBC
_cLIBRO
_d33724000458329
_eLIBRO
_gI.137435
_h71324
_i80354
_si
_t15.00
949 _a574 K37y 1984
_bBC
_cLIBRO
_d33724000750519
_eLIBRO
_fc.4 Sust.
_h78397
_i80354
_mSustituido por: Karp, Gerald / BiologŁa celular y molecular 574 K3 c. 2
_sm
_t60.00
949 _a574 K37y 1984
_bBC
_cLIBRO
_d33724000884896
_eLIBRO
_fc.5
_h74030
_i80354
_si
949 _a574 K37y 1984
_bBC
_cLIBRO
_d33724000889895
_eLIBRO
_fc.6
_h63673
_i80354
_so
949 _a574 K37y 1984
_bBC
_cLIBRO
_d33724000917647
_eLIBRO
_fc.2
_gI.137436
_h71325
_i80354
_si
_t15.00
999 _c69829
_d69829